| 000 | 00503nam a2200157Ia 4500 | ||
|---|---|---|---|
| 008 | 210716s2011 xx 000 0 und d | ||
| 020 | _a9780074715505 | ||
| 041 | _aeng | ||
| 082 | _a331.8 BRAM | ||
| 100 | _aBray, Mark; Deery, Stephen; Walsh, Janet; Waring, Peter. | ||
| 245 |
_aIndustrial relations: a contemporary approach. _bContemporary approach. |
||
| 250 | _a3 | ||
| 260 |
_aNew Delhi _bTata McGraw Hill Education Private Limited _c2011 |
||
| 300 | _axxii,424 | ||
| 650 | _aIndustrial Relations | ||
| 999 |
_c208451 _d208451 |
||